Desserts et viennoiseries françaises - Statistiques

Statistiques générales
  • Ce quiz a été pris 964 fois
  • Le résultat moyen est 16 sur 25
Statistiques - réponses
Par images Réponse % Correct
Croissant
100%
Chocolatine
96%
Éclair
90%
Crêpes
84%
Macarons
84%
Mille-feuille
83%
Pain perdu
82%
Paris-Brest
81%
Île flottante
80%
Fondant au chocolat
79%
Crème brûlée
77%
Mousse au chocolat
75%
Religieuse
70%
Tarte tatin
66%
Cannelés
64%
Clafoutis
64%
Profiteroles
57%
Baba au rhum
49%
Quatre-quarts
44%
Tarte au citron meringuée
44%
Poire Belle-Hélène
41%
Far breton
39%
Saint-Honoré
37%
Tarte tropézienne
34%
Gâteau basque
25%
Aucun quiz correspondant
Distribution des résultats
% des personnes avec chaque résultat
Percentile par nombre de réponses
Votre historique - résultats
Vous n’avez pas pris ce quiz